[Event "U12 Blitz"]
[Site "austriaU12b"]
[Date "2020.12.11"]
[Round "1"]
[White "Marty McFly"]
[Black "Ppe1968"]
[Result "0-1"]
[WhiteElo "1697"]
[BlackElo "1881"]
[Annotator "NA RC"]
[PlyCount "44"]
[EventDate "2020.12.11"]
[EventType "blitz"]
[TimeControl "180+2"]

1. e4 {[%emt 0:00:03]} e5 {[%emt 0:00:04]} 2. Nf3 {[%emt 0:00:02]} Nc6 {[%emt 0:00:02]} 3. Bc4 {[%emt 0:00:01]} Bc5 {[%emt 0:00:02]} 4. Nc3 {[%emt 0:00:02]} Nf6 {[%emt 0:00:09]} 5. d3 {[%emt 0:00:02]} d6 {[%emt 0:00:01]} 6. Bg5 {[%emt 0:00:02]} h6 {[%emt 0:00:07]} 7. Bh4 {[%emt 0:00:02]} a6 {[%emt 0:00:05]} 8. Nd5 {[%emt 0:00:03]} g5 {[%emt 0:00:05]} 9. Bg3 {[%emt 0:00:03]} Bg4 {[%emt 0:00:10]} 10. h3 {[%emt 0:00:02]} Bh5 {[%emt 0:00:02]} 11. Nxf6+ {[%emt 0:00:03]} Qxf6 {[%emt 0:00:01]} 12. Bd5 {[%emt 0:00:08]} Nd4 {[%emt 0:00:20]} 13. Bxb7 {[%emt 0:00:16]} Rb8 {[%emt 0:00:05]} 14. Bxa6 {[%emt 0:00:04]} Nxf3+ {[%emt 0:00:07]} 15. gxf3 {[%emt 0:00:20]} Bxf3 {[%emt 0:00:02]} 16. Qd2 {[%emt 0:00:02]} Bxh1 {[%emt 0:00:07]} 17. O-O-O {[%emt 0:00:03]} Bf3 {[%emt 0:00:01]} 18. Rf1 {[%emt 0:00:03]} d5 {[%emt 0:00:27]} 19. exd5 {[%emt 0:00:04]} Qxa6 {[%emt 0:00:03]} 20. Bxe5 {[%emt 0:00:06]} Qxa2 {[%emt 0:00:09]} 21. c3 {[%emt 0:00:08]} Qa1+ {[%emt 0:00:04]} 22. Kc2 {[%emt 0:00:07]} Qxb2# {[%emt 0:00:03] Mate} 0-1

[Event "U12 Blitz"]
[Site "austriaU12b"]
[Date "2020.12.11"]
[Round "2"]
[White "Ppe1968"]
[Black "Uhtred08"]
[Result "1-0"]
[WhiteElo "1890"]
[BlackElo "1557"]
[Annotator "NA RC"]
[PlyCount "113"]
[EventDate "2020.12.11"]
[EventType "blitz"]

1. d4 {[%emt 0:00:06]} d5 {[%emt 0:00:02]} 2. Nf3 {[%emt 0:00:01]} Nf6 {[%emt 0:00:02]} 3. g3 {[%emt 0:00:01]} e6 {[%emt 0:00:06]} 4. c4 {[%emt 0:00:01]} dxc4 {[%emt 0:00:03]} 5. Qa4+ {[%emt 0:00:01]} Nc6 {[%emt 0:00:10]} 6. Bg2 {[%emt 0:00:06]} Bb4+ {[%emt 0:00:07]} 7. Nc3 {[%emt 0:00:08]} Bd7 {[%emt 0:00:08]} 8. Qc2 {[%emt 0:00:23]} O-O {[%emt 0:00:11]} 9. O-O {[%emt 0:00:01]} Re8 {[%emt 0:00:15]} 10. Bf4 {[%emt 0:00:02]} a6 {[%emt 0:00:06]} 11. Rfd1 {[%emt 0:00:05]} Bxc3 {[%emt 0:00:07]} 12. bxc3 {[%emt 0:00:03]} Nd5 {[%emt 0:00:02]} 13. Bd2 {[%emt 0:00:09]} e5 {[%emt 0:00:06]} 14. dxe5 {[%emt 0:00:17]} Nxe5 {[%emt 0:00:08]} 15. Bg5 {[%emt 0:00:31]} Nxf3+ {[%emt 0:00:11]} 16. Bxf3 {[%emt 0:00:00]} Qxg5 {[%emt 0:00:07]} 17. Rxd5 {[%emt 0:00:01]} Qf6 {[%emt 0:00:05]} 18. Rxd7 {[%emt 0:00:04]} Rac8 {[%emt 0:00:05]} 19. Rad1 {[%emt 0:00:02]} Qe6 {[%emt 0:00:13]} 20. Bxb7 {[%emt 0:00:07]} Rb8 {[%emt 0:00:19]} 21. Bf3 {[%emt 0:00:02]} c5 {[%emt 0:00:10]} 22. Qd2 {[%emt 0:00:05]} Qf6 {[%emt 0:00:06]} 23. Rd6 {[%emt 0:00:05]} Qe7 {[%emt 0:00:03]} 24. Rxa6 {[%emt 0:00:03]} Red8 {[%emt 0:00:06]} 25. Rd6 {[%emt 0:00:04]} Rxd6 {[%emt 0:00:38]} 26. Qxd6 {[%emt 0:00:02]} Qxd6 {[%emt 0:00:11]} 27. Rxd6 {[%emt 0:00:01]} g6 {[%emt 0:00:03]} 28. Rc6 {[%emt 0:00:02]} Rb5 {[%emt 0:00:01]} 29. Bd5 {[%emt 0:00:02]} Kf8 {[%emt 0:00:04]} 30. Bxc4 {[%emt 0:00:01]} Ra5 {[%emt 0:00:04]} 31. Ra6 {[%emt 0:00:01]} Rxa6 {[%emt 0:00:04]} 32. Bxa6 {[%emt 0:00:01]} Ke7 {[%emt 0:00:00]} 33. Kg2 {[%emt 0:00:01]} Kd6 {[%emt 0:00:01]} 34. Kf3 {[%emt 0:00:00]} Kd5 {[%emt 0:00:01]} 35. Ke3 {[%emt 0:00:01]} Kc6 {[%emt 0:00:01]} 36. Bc4 {[%emt 0:00:01]} Kb6 {[%emt 0:00:00]} 37. Bxf7 {[%emt 0:00:02]} Kb5 {[%emt 0:00:02]} 38. Kd3 {[%emt 0:00:02]} Ka4 {[%emt 0:00:01]} 39. Kc4 {[%emt 0:00:02]} Ka3 {[%emt 0:00:01]} 40. Bxg6 {[%emt 0:00:01]} Kxa2 {[%emt 0:00:00]} 41. Kxc5 {[%emt 0:00:01]} hxg6 {[%emt 0:00:01]} 42. e4 {[%emt 0:00:01]} Kb3 {[%emt 0:00:02]} 43. e5 {[%emt 0:00:00]} Kxc3 {[%emt 0:00:00]} 44. e6 {[%emt 0:00:00]} Kd3 {[%emt 0:00:01]} 45. e7 {[%emt 0:00:00]} Ke4 {[%emt 0:00:00]} 46. e8=Q+ {[%emt 0:00:00]} Kf5 {[%emt 0:00:02]} 47. Qf7+ {[%emt 0:00:03]} Kg5 {[%emt 0:00:18]} 48. f4+ {[%emt 0:00:02]} Kg4 {[%emt 0:00:02]} 49. Qxg6+ {[%emt 0:00:01]} Kf3 {[%emt 0:00:01]} 50. f5 {[%emt 0:00:01]} Ke4 {[%emt 0:00:01]} 51. f6+ {[%emt 0:00:02]} Ke5 {[%emt 0:00:03]} 52. Qg5+ {[%emt 0:00:02]} Ke6 {[%emt 0:00:01]} 53. f7 {[%emt 0:00:04]} Kxf7 {[%emt 0:00:03]} 54. Kd5 {[%emt 0:00:02]} Ke8 {[%emt 0:00:02]} 55. Qg7 {[%emt 0:00:01]} Kd8 {[%emt 0:00:02]} 56. Kd6 {[%emt 0:00:01]} Kc8 {[%emt 0:00:01]} 57. Qc7# {[%emt 0:00:01] (Lag: Av=0.24s, max=0.6s) Mate} 1-0

[Event "U12 Blitz"]
[Site "austriaU12b"]
[Date "2020.12.11"]
[Round "2"]
[White "Viktor09"]
[Black "Engal"]
[Result "0-1"]
[WhiteElo "1858"]
[BlackElo "1711"]
[Annotator "NA RC"]
[PlyCount "80"]
[EventDate "2020.12.11"]
[EventType "blitz"]

1. e4 {[%emt 0:00:04]} c5 {[%emt 0:00:26]} 2. Nf3 {[%emt 0:00:01]} d6 {[%emt 0:00:04]} 3. d4 {[%emt 0:00:01]} cxd4 {[%emt 0:00:00]} 4. Nxd4 {[%emt 0:00:01]} Nf6 {[%emt 0:00:01]} 5. Nc3 {[%emt 0:00:01]} a6 {[%emt 0:00:01]} 6. Bc4 {[%emt 0:00:01]} e6 {[%emt 0:00:02]} 7. Bb3 {[%emt 0:00:01]} Be7 {[%emt 0:00:02]} 8. g4 {[%emt 0:00:03]} Nc6 {[%emt 0:00:58]} 9. f3 {[%emt 0:00:24]} O-O {[%emt 0:00:22]} 10. h4 {[%emt 0:00:08]} d5 {[%emt 0:00:05]} 11. Nxc6 {[%emt 0:00:08]} bxc6 {[%emt 0:00:03]} 12. Qe2 {[%emt 0:00:41]} Bb4 {[%emt 0:00:31]} 13. Bd2 {[%emt 0:00:07]} Qa5 {[%emt 0:00:19]} 14. a3 {[%emt 0:00:07]} d4 {[%emt 0:00:09]} 15. Na2 {[%emt 0:00:28]} Bxd2+ {[%emt 0:00:01]} 16. Qxd2 {[%emt 0:00:00]} Qe5 {[%emt 0:00:05]} 17. O-O-O {[%emt 0:00:14]} Rb8 {[%emt 0:00:02]} 18. Rhf1 {[%emt 0:00:12]} c5 {[%emt 0:00:03]} 19. Rde1 {[%emt 0:00:13]} Bd7 {[%emt 0:00:13]} 20. f4 {[%emt 0:00:03]} Qc7 {[%emt 0:00:05]} 21. g5 {[%emt 0:00:06]} Ne8 {[%emt 0:00:05]} 22. Bc4 {[%emt 0:00:08]} Bb5 {[%emt 0:00:02]} 23. Bxb5 {[%emt 0:00:04]} Rxb5 {[%emt 0:00:00]} 24. c3 {[%emt 0:00:06]} Nd6 {[%emt 0:00:02]} 25. Qe2 {[%emt 0:00:13]} Rfb8 {[%emt 0:00:05]} 26. e5 {[%emt 0:00:14]} Nb7 {[%emt 0:00:03]} 27. cxd4 {[%emt 0:00:03]} cxd4+ {[%emt 0:00:01]} 28. Kb1 {[%emt 0:00:00]} Na5 {[%emt 0:00:01]} 29. Rc1 {[%emt 0:00:04]} Nc4 {[%emt 0:00:01]} 30. Rxc4 {[%emt 0:00:02]} Rxb2+ {[%emt 0:00:00]} 31. Qxb2 {[%emt 0:00:01]} Rxb2+ {[%emt 0:00:00]} 32. Kxb2 {[%emt 0:00:01]} Qxc4 {[%emt 0:00:00]} 33. Rb1 {[%emt 0:00:01]} Qe2+ {[%emt 0:00:01]} 34. Ka1 {[%emt 0:00:01]} g6 {[%emt 0:00:01]} 35. Rb8+ {[%emt 0:00:02]} Kg7 {[%emt 0:00:00]} 36. Nb4 {[%emt 0:00:01]} Qf1+ {[%emt 0:00:03]} 37. Kb2 {[%emt 0:00:01]} Qxf4 {[%emt 0:00:01]} 38. Nc6 {[%emt 0:00:02]} Qxh4 {[%emt 0:00:03]} 39. Ne7 {[%emt 0:00:03]} Qxg5 {[%emt 0:00:08]} 40. Rg8+ {[%emt 0:00:02]} Kh6 {[%emt 0:00:01] Viktor09 resigns} 0-1

[Event "U12 Blitz"]
[Site "austriaU12b"]
[Date "2020.12.11"]
[Round "2"]
[White "SimonG08"]
[Black "Julian64"]
[Result "0-1"]
[WhiteElo "1826"]
[BlackElo "1582"]
[Annotator "NA RC"]
[PlyCount "76"]
[EventDate "2020.12.11"]
[EventType "blitz"]

1. e4 {[%emt 0:00:17]} c5 {[%emt 0:00:09]} 2. Nc3 {[%emt 0:00:02]} e6 {[%emt 0:00:01]} 3. d3 {[%emt 0:00:02]} a6 {[%emt 0:00:02]} 4. Bd2 {[%emt 0:00:03]} b5 {[%emt 0:00:01]} 5. a4 {[%emt 0:00:05]} b4 {[%emt 0:00:03]} 6. Nce2 {[%emt 0:00:01]} Bb7 {[%emt 0:00:04]} 7. f4 {[%emt 0:00:03]} Be7 {[%emt 0:00:17]} 8. Nf3 {[%emt 0:00:02]} d5 {[%emt 0:00:03]} 9. Ng3 {[%emt 0:00:22]} Nc6 {[%emt 0:00:28]} 10. Be2 {[%emt 0:00:11]} Nf6 {[%emt 0:00:24]} 11. e5 {[%emt 0:00:10]} Ng4 {[%emt 0:00:09]} 12. O-O {[%emt 0:00:59]} h5 {[%emt 0:00:03]} 13. Ng5 {[%emt 0:00:14]} h4 {[%emt 0:00:22]} 14. Bxg4 {[%emt 0:00:34]} hxg3 {[%emt 0:00:02]} 15. hxg3 {[%emt 0:00:02] SimonG08 offers a draw} Nxe5 {[%emt 0:00:03]} 16. fxe5 {[%emt 0:00:09]} Bxg5 {[%emt 0:00:01]} 17. Bxg5 {[%emt 0:00:01]} Qxg5 {[%emt 0:00:01]} 18. Qf3 {[%emt 0:00:03]} Rf8 {[%emt 0:00:13]} 19. Bh5 {[%emt 0:00:04]} Qxe5 {[%emt 0:00:08]} 20. Bxf7+ {[%emt 0:00:03]} Ke7 {[%emt 0:00:01]} 21. Qh5 {[%emt 0:00:06]} Qd4+ {[%emt 0:00:01]} 22. Rf2 {[%emt 0:00:05]} Qxb2 {[%emt 0:00:17]} 23. Qg5+ {[%emt 0:00:01]} Kd7 {[%emt 0:00:05]} 24. Raf1 {[%emt 0:00:01]} Rfd8 {[%emt 0:00:15]} 25. Qxg7 {[%emt 0:00:02]} Qxg7 {[%emt 0:00:02]} 26. Bxe6+ {[%emt 0:00:02]} Kxe6 {[%emt 0:00:01]} 27. Rf3 {[%emt 0:00:04]} d4 {[%emt 0:00:02]} 28. Re1+ {[%emt 0:00:02]} Kd6 {[%emt 0:00:01]} 29. Rf4 {[%emt 0:00:01]} Qxg3 {[%emt 0:00:02]} 30. Rfe4 {[%emt 0:00:02]} Bxe4 {[%emt 0:00:02]} 31. dxe4 {[%emt 0:00:02]} Rg8 {[%emt 0:00:01]} 32. Re2 {[%emt 0:00:01]} b3 {[%emt 0:00:01]} 33. c3 {[%emt 0:00:01]} d3 {[%emt 0:00:01]} 34. Rd2 {[%emt 0:00:01]} Qe3+ {[%emt 0:00:01]} 35. Rf2 {[%emt 0:00:01]} d2 {[%emt 0:00:01]} 36. Kh2 {[%emt 0:00:01]} d1=Q {[%emt 0:00:01]} 37. e5+ {[%emt 0:00:00]} Qxe5+ {[%emt 0:00:02]} 38. g3 {[%emt 0:00:03]} Qxg3# {[%emt 0:00:01] Mate Mate} 0-1

[Event "U12 Blitz"]
[Site "austriaU12b"]
[Date "2020.12.11"]
[Round "2"]
[White "Julian17"]
[Black "BaurechtJunior"]
[Result "1-0"]
[WhiteElo "1777"]
[BlackElo "1620"]
[Annotator "NA RC"]
[PlyCount "115"]
[EventDate "2020.12.11"]
[EventType "blitz"]

1. e4 {[%emt 0:00:03]} c5 {[%emt 0:00:02]} 2. Nf3 {[%emt 0:00:01]} Nc6 {[%emt 0:00:01]} 3. d4 {[%emt 0:00:01]} cxd4 {[%emt 0:00:02]} 4. Nxd4 {[%emt 0:00:00]} Nf6 {[%emt 0:00:01]} 5. Nc3 {[%emt 0:00:02]} d6 {[%emt 0:00:01]} 6. Bg5 {[%emt 0:00:03]} g6 {[%emt 0:00:03]} 7. Qd2 {[%emt 0:00:08]} Bg7 {[%emt 0:00:02]} 8. Be3 {[%emt 0:00:15]} O-O {[%emt 0:00:02]} 9. f3 {[%emt 0:00:01]} a6 {[%emt 0:00:05]} 10. g4 {[%emt 0:00:04]} b5 {[%emt 0:00:05]} 11. O-O-O {[%emt 0:00:03]} Bd7 {[%emt 0:00:05]} 12. h4 {[%emt 0:00:02]} h5 {[%emt 0:00:03]} 13. Be2 {[%emt 0:00:14]} Ne5 {[%emt 0:00:07]} 14. gxh5 {[%emt 0:00:09]} Nxh5 {[%emt 0:00:02]} 15. f4 {[%emt 0:00:20]} Nc4 {[%emt 0:00:02]} 16. Bxc4 {[%emt 0:00:19]} bxc4 {[%emt 0:00:02]} 17. f5 {[%emt 0:00:07]} Rb8 {[%emt 0:00:13]} 18. Rhg1 {[%emt 0:00:10]} Qb6 {[%emt 0:00:04]} 19. b3 {[%emt 0:00:24]} cxb3 {[%emt 0:00:02]} 20. cxb3 {[%emt 0:00:04]} a5 {[%emt 0:00:04]} 21. Kb2 {[%emt 0:00:08]} Ra8 {[%emt 0:00:10]} 22. Nd5 {[%emt 0:00:03]} Qd8 {[%emt 0:00:12]} 23. fxg6 {[%emt 0:00:04]} fxg6 {[%emt 0:00:07]} 24. Rxg6 {[%emt 0:00:03]} a4 {[%emt 0:00:06]} 25. Rdg1 {[%emt 0:00:05]} axb3 {[%emt 0:00:04]} 26. axb3 {[%emt 0:00:10]} Rf7 {[%emt 0:00:19]} 27. Bh6 {[%emt 0:00:19]} Qa5 {[%emt 0:00:07]} 28. Qxa5 {[%emt 0:00:08]} Rxa5 {[%emt 0:00:03]} 29. Bxg7 {[%emt 0:00:09]} Rxg7 {[%emt 0:00:11]} 30. Nxe7+ {[%emt 0:00:03]} Kf7 {[%emt 0:00:13]} 31. Rxg7+ {[%emt 0:00:04]} Nxg7 {[%emt 0:00:04]} 32. Nd5 {[%emt 0:00:05]} Be6 {[%emt 0:00:07]} 33. Rf1+ {[%emt 0:00:02]} Ke8 {[%emt 0:00:08]} 34. Nc7+ {[%emt 0:00:08]} Kd7 {[%emt 0:00:03]} 35. Ncb5 {[%emt 0:00:02]} Ne8 {[%emt 0:00:21]} 36. Rg1 {[%emt 0:00:02]} Nc7 {[%emt 0:00:04]} 37. Rg7+ {[%emt 0:00:01]} Kd8 {[%emt 0:00:14]} 38. Rxc7 {[%emt 0:00:01]} Bd7 {[%emt 0:00:05]} 39. Rb7 {[%emt 0:00:01]} Kc8 {[%emt 0:00:06]} 40. Rb6 {[%emt 0:00:01]} Bxb5 {[%emt 0:00:16]} 41. Rxb5 {[%emt 0:00:01]} Rxb5 {[%emt 0:00:03]} 42. Nxb5 {[%emt 0:00:00]} Kb7 {[%emt 0:00:01]} 43. Kc3 {[%emt 0:00:01]} Kc6 {[%emt 0:00:01]} 44. Kc4 {[%emt 0:00:01]} d5+ {[%emt 0:00:04]} 45. exd5+ {[%emt 0:00:01]} Kb6 {[%emt 0:00:02]} 46. h5 {[%emt 0:00:03]} Kb7 {[%emt 0:00:02]} 47. Nc3 {[%emt 0:00:01]} Kc8 {[%emt 0:00:01]} 48. h6 {[%emt 0:00:01]} Kd8 {[%emt 0:00:01]} 49. h7 {[%emt 0:00:01]} Ke7 {[%emt 0:00:01]} 50. h8=Q {[%emt 0:00:03]} Kd6 {[%emt 0:00:01]} 51. Qf6+ {[%emt 0:00:03]} Kc7 {[%emt 0:00:02]} 52. Qc6+ {[%emt 0:00:05]} Kd8 {[%emt 0:00:01]} 53. Qb7 {[%emt 0:00:02]} Ke8 {[%emt 0:00:02]} 54. Kc5 {[%emt 0:00:01]} Kf8 {[%emt 0:00:03]} 55. Kd6 {[%emt 0:00:01]} Kg8 {[%emt 0:00:02]} 56. Ke6 {[%emt 0:00:01]} Kh8 {[%emt 0:00:01]} 57. Kf6 {[%emt 0:00:01]} Kg8 {[%emt 0:00:01]} 58. Qg7# {[%emt 0:00:01] Mate Mate} 1-0

[Event "U12 Blitz"]
[Site "austriaU12b"]
[Date "2020.12.11"]
[Round "2"]
[White "Pernerstorfer_Leo"]
[Black "AdrianFischer"]
[Result "0-1"]
[WhiteElo "1620"]
[BlackElo "1555"]
[Annotator "NA RC"]
[PlyCount "110"]
[EventDate "2020.12.11"]
[EventType "blitz"]

1. e4 {[%emt 0:00:14]} c5 {[%emt 0:00:01]} 2. Nf3 {[%emt 0:00:02]} Nc6 {[%emt 0:00:03]} 3. d4 {[%emt 0:00:01]} cxd4 {[%emt 0:00:01]} 4. Nxd4 {[%emt 0:00:00]} Nf6 {[%emt 0:00:01]} 5. Nc3 {[%emt 0:00:01]} e5 {[%emt 0:00:01]} 6. Ndb5 {[%emt 0:00:07]} d6 {[%emt 0:00:01]} 7. Na3 {[%emt 0:00:16]} Be7 {[%emt 0:00:11]} 8. Be3 {[%emt 0:00:07]} O-O {[%emt 0:00:03]} 9. Bd3 {[%emt 0:00:02]} a6 {[%emt 0:00:02]} 10. Nc4 {[%emt 0:00:03]} b5 {[%emt 0:00:06]} 11. Nb6 {[%emt 0:00:03]} Rb8 {[%emt 0:00:02]} 12. Nxc8 {[%emt 0:00:05]} Rxc8 {[%emt 0:00:04]} 13. O-O {[%emt 0:00:06]} Nb4 {[%emt 0:00:06]} 14. Be2 {[%emt 0:00:04]} Nc6 {[%emt 0:00:14]} 15. a3 {[%emt 0:00:09]} Qc7 {[%emt 0:00:18]} 16. Bd3 {[%emt 0:00:22]} Rfd8 {[%emt 0:00:04]} 17. Qf3 {[%emt 0:00:05]} Qb7 {[%emt 0:00:11]} 18. b4 {[%emt 0:00:15]} Na7 {[%emt 0:00:09]} 19. Nd5 {[%emt 0:00:35]} Nxd5 {[%emt 0:00:04]} 20. exd5 {[%emt 0:00:00]} Bf6 {[%emt 0:00:06]} 21. Qe4 {[%emt 0:00:03]} g6 {[%emt 0:00:07]} 22. Bh6 {[%emt 0:00:02]} Bg7 {[%emt 0:00:02]} 23. Bxg7 {[%emt 0:00:16]} Kxg7 {[%emt 0:00:02]} 24. Rac1 {[%emt 0:00:03]} f5 {[%emt 0:00:02]} 25. Qe3 {[%emt 0:00:12]} f4 {[%emt 0:00:20]} 26. Qe4 {[%emt 0:00:06]} Rc3 {[%emt 0:00:03]} 27. Rfd1 {[%emt 0:00:07]} Rxa3 {[%emt 0:00:09]} 28. Rd2 {[%emt 0:00:17]} Rc3 {[%emt 0:00:04]} 29. Be2 {[%emt 0:00:03]} Rdc8 {[%emt 0:00:04]} 30. Bg4 {[%emt 0:00:01]} R8c4 {[%emt 0:00:04]} 31. Qe2 {[%emt 0:00:05]} Rxb4 {[%emt 0:00:04]} 32. Bf3 {[%emt 0:00:01]} Rbc4 {[%emt 0:00:08]} 33. Be4 {[%emt 0:00:03]} a5 {[%emt 0:00:02]} 34. Bd3 {[%emt 0:00:01]} Rc5 {[%emt 0:00:03]} 35. Be4 {[%emt 0:00:01]} a4 {[%emt 0:00:03]} 36. Ra1 {[%emt 0:00:02]} Nc8 {[%emt 0:00:09]} 37. Bd3 {[%emt 0:00:01]} Na7 {[%emt 0:00:04]} 38. Be4 {[%emt 0:00:01]} a3 {[%emt 0:00:03]} 39. Ra2 {[%emt 0:00:01]} b4 {[%emt 0:00:02]} 40. Qd1 {[%emt 0:00:04]} Nb5 {[%emt 0:00:02]} 41. Bd3 {[%emt 0:00:02]} Nd4 {[%emt 0:00:02]} 42. Be4 {[%emt 0:00:05]} b3 {[%emt 0:00:06]} 43. cxb3 {[%emt 0:00:02]} Qxb3 {[%emt 0:00:03]} 44. Qxb3 {[%emt 0:00:02]} Nxb3 {[%emt 0:00:03]} 45. Rdc2 {[%emt 0:00:03]} Rxc2 {[%emt 0:00:01]} 46. Rxc2 {[%emt 0:00:00]} Rxc2 {[%emt 0:00:02]} 47. Bxc2 {[%emt 0:00:00]} Nd4 {[%emt 0:00:01]} 48. Bb1 {[%emt 0:00:02]} Kf6 {[%emt 0:00:02]} 49. Ba2 {[%emt 0:00:01]} e4 {[%emt 0:00:02]} 50. Kf1 {[%emt 0:00:01]} Ke5 {[%emt 0:00:02]} 51. Ke1 {[%emt 0:00:01]} Nb5 {[%emt 0:00:01]} 52. Kd2 {[%emt 0:00:01]} Nc7 {[%emt 0:00:02]} 53. Kc3 {[%emt 0:00:02]} Nxd5+ {[%emt 0:00:01]} 54. Bxd5 {[%emt 0:00:02]} Kxd5 {[%emt 0:00:01]} 55. Kb3 {[%emt 0:00:01]} e3 {[%emt 0:00:01] Pernerstorfer_Leo resigns} 0-1

[Event "U12 Blitz"]
[Site "austriaU12b"]
[Date "2020.12.11"]
[Round "2"]
[White "Robert_III"]
[Black "Schaf2009"]
[Result "1-0"]
[WhiteElo "1620"]
[BlackElo "1719"]
[Annotator "NA RC"]
[PlyCount "99"]
[EventDate "2020.12.11"]
[EventType "blitz"]

1. e4 {[%emt 0:00:04]} c6 {[%emt 0:00:02]} 2. d4 {[%emt 0:00:02]} d5 {[%emt 0:00:03]} 3. Nd2 {[%emt 0:00:02]} dxe4 {[%emt 0:00:02]} 4. Nxe4 {[%emt 0:00:01]} Bf5 {[%emt 0:00:02]} 5. Ng3 {[%emt 0:00:02]} Bg6 {[%emt 0:00:02]} 6. Nf3 {[%emt 0:00:02]} Nd7 {[%emt 0:00:02]} 7. h4 {[%emt 0:00:02]} h6 {[%emt 0:00:01]} 8. h5 {[%emt 0:00:01]} Bh7 {[%emt 0:00:02]} 9. Bd3 {[%emt 0:00:01]} Bxd3 {[%emt 0:00:01]} 10. Qxd3 {[%emt 0:00:01]} e6 {[%emt 0:00:04]} 11. Bd2 {[%emt 0:00:02]} Ngf6 {[%emt 0:00:02]} 12. O-O-O {[%emt 0:00:07]} Bd6 {[%emt 0:00:02]} 13. Ne4 {[%emt 0:00:03]} Nxe4 {[%emt 0:00:01]} 14. Qxe4 {[%emt 0:00:01]} Nf6 {[%emt 0:00:00]} 15. Qe2 {[%emt 0:00:02]} a5 {[%emt 0:00:13]} 16. Kb1 {[%emt 0:00:11]} b5 {[%emt 0:00:20]} 17. Ne5 {[%emt 0:00:02]} Qb6 {[%emt 0:00:25]} 18. c3 {[%emt 0:01:03]} Rb8 {[%emt 0:00:26]} 19. g4 {[%emt 0:00:05]} a4 {[%emt 0:00:40]} 20. Rhe1 {[%emt 0:00:05]} Kf8 {[%emt 0:00:04]} 21. Nxf7 {[%emt 0:00:03]} Kxf7 {[%emt 0:00:16]} 22. Qxe6+ {[%emt 0:00:02]} Kf8 {[%emt 0:00:01]} 23. Qxd6+ {[%emt 0:00:01]} Kg8 {[%emt 0:00:03]} 24. Qe6+ {[%emt 0:00:10]} Kh7 {[%emt 0:00:03]} 25. g5 {[%emt 0:00:11]} hxg5 {[%emt 0:00:12]} 26. Bxg5 {[%emt 0:00:02]} Rhf8 {[%emt 0:00:05]} 27. h6 {[%emt 0:00:10]} Rbe8 {[%emt 0:00:06]} 28. Qf5+ {[%emt 0:00:06]} Kg8 {[%emt 0:00:03]} 29. Bxf6 {[%emt 0:00:02]} Rxe1 {[%emt 0:00:04]} 30. Rxe1 {[%emt 0:00:08]} Rxf6 {[%emt 0:00:06]} 31. Qc8+ {[%emt 0:00:09]} Kf7 {[%emt 0:00:01]} 32. hxg7 {[%emt 0:00:03]} Kxg7 {[%emt 0:00:03]} 33. Qg4+ {[%emt 0:00:01]} Kf7 {[%emt 0:00:01]} 34. Qd7+ {[%emt 0:00:04]} Kg6 {[%emt 0:00:02]} 35. Re3 {[%emt 0:00:02]} Qb8 {[%emt 0:00:10]} 36. Rg3+ {[%emt 0:00:05]} Qxg3 {[%emt 0:00:03]} 37. fxg3 {[%emt 0:00:02]} Rf1+ {[%emt 0:00:02]} 38. Kc2 {[%emt 0:00:02]} Rf2+ {[%emt 0:00:01]} 39. Kc1 {[%emt 0:00:02]} Rf1+ {[%emt 0:00:02]} 40. Kd2 {[%emt 0:00:01]} Rf2+ {[%emt 0:00:01]} 41. Ke3 {[%emt 0:00:01]} Rf7 {[%emt 0:00:04]} 42. Qxc6+ {[%emt 0:00:02]} Rf6 {[%emt 0:00:01]} 43. Qxb5 {[%emt 0:00:02]} Re6+ {[%emt 0:00:02]} 44. Kf4 {[%emt 0:00:02]} Rf6+ {[%emt 0:00:02]} 45. Kg4 {[%emt 0:00:01]} Kf7 {[%emt 0:00:02]} 46. d5 {[%emt 0:00:01]} Rg6+ {[%emt 0:00:01]} 47. Kf3 {[%emt 0:00:03]} Rf6+ {[%emt 0:00:01]} 48. Kg2 {[%emt 0:00:02]} Kg6 {[%emt 0:00:02]} 49. Qc6 {[%emt 0:00:02]} Kg5 {[%emt 0:00:03]} 50. d6 {[%emt 0:00:05] Schaf2009 resigns} 1-0

[Event "U12 Blitz"]
[Site "austriaU12b"]
[Date "2020.12.11"]
[Round "2"]
[White "Schragerlaufer"]
[Black "Wimmer Michael"]
[Result "0-1"]
[WhiteElo "1620"]
[BlackElo "1650"]
[Annotator "NA RC"]
[PlyCount "54"]
[EventDate "2020.12.11"]
[EventType "blitz"]

1. e4 {[%emt 0:00:03]} e5 {[%emt 0:00:01]} 2. Nf3 {[%emt 0:00:01]} Nc6 {[%emt 0:00:01]} 3. Bc4 {[%emt 0:00:02]} Bc5 {[%emt 0:00:02]} 4. d3 {[%emt 0:00:01]} Nf6 {[%emt 0:00:03]} 5. Nc3 {[%emt 0:00:05]} d6 {[%emt 0:00:02]} 6. h3 {[%emt 0:00:02]} h6 {[%emt 0:00:02]} 7. O-O {[%emt 0:00:03]} Be6 {[%emt 0:00:03]} 8. Bb3 {[%emt 0:00:04]} O-O {[%emt 0:00:02]} 9. Be3 {[%emt 0:00:06]} Bb6 {[%emt 0:00:03]} 10. Re1 {[%emt 0:00:03]} Qd7 {[%emt 0:00:05]} 11. Qd2 {[%emt 0:00:11]} Rad8 {[%emt 0:00:08]} 12. Rad1 {[%emt 0:00:03]} Rfe8 {[%emt 0:00:07]} 13. Bxb6 {[%emt 0:00:18]} axb6 {[%emt 0:00:02]} 14. Kf1 {[%emt 0:00:24]} Bxh3 {[%emt 0:00:21]} 15. Qe3 {[%emt 0:00:32]} Be6 {[%emt 0:00:23]} 16. Nd2 {[%emt 0:00:11]} Nd4 {[%emt 0:00:17]} 17. Qg3 {[%emt 0:00:25]} Bxb3 {[%emt 0:00:08]} 18. cxb3 {[%emt 0:00:09]} Nh5 {[%emt 0:00:26]} 19. Qh2 {[%emt 0:00:12]} Nf4 {[%emt 0:00:07]} 20. Qg3 {[%emt 0:00:27]} Nc2 {[%emt 0:00:16]} 21. Nf3 {[%emt 0:00:06]} Nxe1 {[%emt 0:00:07]} 22. Rxe1 {[%emt 0:00:02]} Nxd3 {[%emt 0:00:07]} 23. Rd1 {[%emt 0:00:08]} Nf4 {[%emt 0:00:03]} 24. Nh4 {[%emt 0:00:01]} Qe6 {[%emt 0:00:10]} 25. Nf5 {[%emt 0:00:02]} Qg6 {[%emt 0:00:04]} 26. Qf3 {[%emt 0:00:03]} Qh5 {[%emt 0:00:23]} 27. Qg3 {[%emt 0:00:04]} Qh1# {[%emt 0:00:04] Mate Mate} 0-1

[Event "U12 Blitz"]
[Site "austriaU12b"]
[Date "2020.12.11"]
[Round "2"]
[White "Tobinator13"]
[Black "Peter Balint"]
[Result "0-1"]
[WhiteElo "1620"]
[BlackElo "1765"]
[Annotator "NA RC"]
[PlyCount "50"]
[EventDate "2020.12.11"]
[EventType "blitz"]

1. e4 {[%emt 0:00:04]} e5 {[%emt 0:00:03]} 2. Nf3 {[%emt 0:00:02]} Nc6 {[%emt 0:00:01]} 3. Nc3 {[%emt 0:00:03]} Nf6 {[%emt 0:00:01]} 4. Bc4 {[%emt 0:00:09]} Bc5 {[%emt 0:00:04]} 5. Ng5 {[%emt 0:00:09]} O-O {[%emt 0:00:02]} 6. O-O {[%emt 0:00:03]} d6 {[%emt 0:00:03]} 7. d3 {[%emt 0:00:05]} h6 {[%emt 0:00:01]} 8. Nf3 {[%emt 0:00:02]} Bg4 {[%emt 0:00:01]} 9. b3 {[%emt 0:00:11]} Nd4 {[%emt 0:00:02]} 10. Bb2 {[%emt 0:00:16]} Qd7 {[%emt 0:00:03]} 11. Nd5 {[%emt 0:00:18]} Nxd5 {[%emt 0:00:05]} 12. Bxd5 {[%emt 0:00:07]} Bxf3 {[%emt 0:00:04]} 13. gxf3 {[%emt 0:00:05]} c6 {[%emt 0:00:02]} 14. Bc4 {[%emt 0:00:07]} Qh3 {[%emt 0:00:04]} 15. Bxd4 {[%emt 0:00:10]} Bxd4 {[%emt 0:00:01]} 16. Rc1 {[%emt 0:00:10]} b5 {[%emt 0:00:03]} 17. Bxf7+ {[%emt 0:00:07]} Rxf7 {[%emt 0:00:03]} 18. c3 {[%emt 0:00:11]} Bb6 {[%emt 0:00:03]} 19. d4 {[%emt 0:00:11]} Raf8 {[%emt 0:00:06]} 20. dxe5 {[%emt 0:00:08]} dxe5 {[%emt 0:00:00]} 21. c4 {[%emt 0:00:09]} Rxf3 {[%emt 0:00:03]} 22. cxb5 {[%emt 0:00:09]} Qg4+ {[%emt 0:00:07]} 23. Kh1 {[%emt 0:00:05]} Qxe4 {[%emt 0:00:02]} 24. bxc6 {[%emt 0:00:07]} Rxf2+ {[%emt 0:00:02]} 25. Kg1 {[%emt 0:00:06]} Qg2# {[%emt 0:00:01] Mate Mate} 0-1